| 000 | 00782nab a2200229 a 4500 | ||
|---|---|---|---|
| 005 | 20210219162051.0 | ||
| 008 | 991125s1985 mx 000 0 spa u | ||
| 035 | _aUPN01000197095 | ||
| 049 | _aART | ||
| 100 | 1 | _aDuek, María Celia | |
| 222 |
_aARGUMENTOS : _bESTUDIOS CRITICOS DE LA SOCIEDAD |
||
| 245 | _aIndividuo y sociedad : perspectivas teórico-metodológicas en la sociología clásica | ||
| 260 | _aMéxico | ||
| 300 | _a9-24 | ||
| 362 | 0 | _a2009 Año 22, no. 60, may.-ago. | |
| 653 | 0 | _aMETODO DIALECTICO | |
| 653 | 0 | _aWEBER, MAX, 1864-1920 | |
| 653 | 0 | _aINDIVIDUALISMO | |
| 653 | 0 | _aESTRUCTURA SOCIAL | |
| 856 | _uhttp://argumentos.xoc.uam.mx/BUSQUEDA.php?indice=AUTOR&terminos=Duek,%20Mar%C3%ADa%20Celia&pagina=1&indice_resultados=0 | ||
| 905 | _aArticulo | ||
| 999 |
_c169196 _d169196 |
||